BEHAVIOR OF IRON POWDER UNDER CRYOGENIC CONDITIONS

Bibliographic Details
Main Authors: Arghir, G. (Author), Petean, I. (Author), Brandusan, L. (Author), Baraian, M. (Author)
Format: Article
Language:English

MARC

LEADER 00000nab a2200000ua 4500
001 vtls010788223
003 SK-MaSNL
005 20260303151945.0
008 230222s2010 xo |||||||||||||||||eng|
035 |a (urnnbn)urn:nbn:sk:snk:ar-a01j84 
035 |a (uuid)56528ba2-92af-4277-8bd6-0e79d3145da0 
035 |a urn:nbn:sk:snk-ab4eqv 
040 |a SNKBUCL  |b slo  |c SNKBUCL  |e AACR2 
041 0 |a eng 
044 |a xo  |c SK 
100 1 |a Arghir, G.  |4 aut  |9 1172004 
245 1 0 |a BEHAVIOR OF IRON POWDER UNDER CRYOGENIC CONDITIONS  |c G. Arghir, I. Petean, L. Brandusan, M. Baraian 
700 1 |a Petean, I.  |4 aut  |9 1172005 
700 1 |a Brandusan, L.  |4 aut  |9 783311 
700 1 |a Baraian, M.  |4 aut  |9 1172006 
773 0 |t Powder metallurgy progress : journal of science and technology of particle materials  |g Roč. 10, č. 2 (2010), s. 89-95 
958 |a OND 
958 |a EUIPO 
958 |a article3 
999 |c 2020821  |d 2022751